Guide du marin: résumé des connaissances les plus utiles aux marins

שמור ב:
מידע ביבליוגרפי
מחבר ראשי: Kerhallet, De (Author)
פורמט: ספר
שפה:צרפתית
יצא לאור: París Eugène Lacroix 1863
נושאים:
תגים: הוספת תג
אין תגיות, היה/י הראשונ/ה לתייג את הרשומה!

MARC

LEADER 00000nam a2200000 a 4500
001 UCG1549
003 CL-VaPUC
008 100506e18630000FR |||||||||||||||||fre|d
082 0 4 |a 623.89  |b KER  |2 21 
100 0 |a Kerhallet, De  |e author  |9 549537 
245 1 0 |a Guide du marin: résumé des connaissances les plus utiles aux marins 
300 |a 506 p 
942 |c BK 
945 |d 20100506 00:00:00  |a dcastane 
260 |a París  |b Eugène Lacroix  |c 1863 
650 7 |a NAVEGACION MANUALES  |2 CL-VaPUC  |9 261482 
650 7 |a AZIMUT  |2 CL-VaPUC  |9 508607 
650 7 |a HIDROGRAFIA  |2 CL-VaPUC  |9 261115 
650 7 |a CARTAS NAUTICAS  |2 CL-VaPUC  |9 261114 
583 |a last modification  |c 20100506 00:00:00  |k Rodrigo Vera 
999 |c 340898  |d 340896 
952 |0 0  |1 0  |4 0  |6 623_890000000000000_KER_1863  |7 0  |8 X  |9 436037  |a FDOBUD  |b FDOBUD  |d 2019-11-22  |i 4635094  |o 623.89 KER 1863  |p 4635094  |r 2019-11-22  |w 2019-11-22  |y BK_X  |k BUD